LEADER 00669naa a2200193 i 4500 001 000000339947 003 CaOOAMICUS 005 20200324102504.0 008 200324s2019 it f 2 000 p ita r 013 $a41890 040 $aSeMil$bita 245 00$aDulce Lignum. 300 $a[1] c. di tav. :$bill. ;$a34x48 cm ripieg. a 24 cm 650 4$aRomite Ambrosiane - Poesie.$0(OLS)http://semarc/subject/49128 710 2 $aRomite Ambrosiane$c.$0(OLS)http://semarc/name/111250 910 2 $aRomite dell'Ordine di S. Ambrogio ad Nemus. 996 $6245$aDulce Lignum$9(OLS)http://semarc/title/428872 LEADER 01091nas a2200205 i 4500 001 000000353643 003 CaOOAMICUS 005 20251030093304.0 008 230505c20069999it zx u0 z|ita u 040 $aSeMil$bita 245 00$aIus canonicum. Studi / Facoltà di diritto canonico San Pio X. Diritto canonico$h[generale di collana]. 264 1$aVenezia :$bMarcianum Press,$c2006- 300 $av. ;$c22 cm. 710 2 $aIstituto di Diritto canonico San Pio 10.$0(OLS)http://semarc/name/7275 830 0$aIus canonicum.. Studi / Facoltà di diritto canonico San Pio X. Diritto canonico.$0(OLS)http://semarc/title/443738 850 $aSeMil 852 $aSeMil$W1$xVenegono$y1$mVedi "Titolo uniforme di collana" per le collocazioni dei singoli volumi$j222888$qSottoscrizione aperta$B244872$CSeMilBibl$Z2$F244872 $81 996 $6245$aIus canonicum. Studi / Facoltà di diritto canonico San Pio X. Diritto canonico$h[generale di collana]$9(OLS)http://semarc/title/443744 996 $6264$aVenezia :$bMarcianum Press$9(OLS)http://semarc/publisher/31536